| 000 | 00720cam a2200241 a 4500 | ||
|---|---|---|---|
| 001 | 3804315 | ||
| 003 | OSt | ||
| 005 | 20250901165811.0 | ||
| 008 | 850225r19851981mau 000 1 eng | ||
| 010 | _a 85005430 | ||
| 020 | _a0839828772 | ||
| 040 |
_aDLC _cDLC _dDLC |
||
| 050 | 0 | 0 |
_aPS 3563 .A853 T5 1985 _bT5 1985 |
| 082 | 0 | 0 |
_a813/.54 _219 |
| 100 | 1 |
_aMatthews, Patricia, _d1927-2006. |
|
| 245 | 1 | 0 |
_aTides of love / _cby Patricia Matthews. |
| 260 |
_aBoston : _bGregg Press, _c[1985], c1981. |
||
| 300 |
_a326 p. ; _c23 cm. |
||
| 500 | _aOriginally published: Toronto ; New York : Bantam Books, 1981. | ||
| 655 | 7 |
_aLove stories. _2gsafd |
|
| 906 |
_a7 _bcbc _corignew _d1 _eocip _f19 _gy-gencatlg |
||
| 942 |
_2lcc _cBK |
||
| 999 |
_c9395 _d9395 |
||